000
00255 a2200109 4500
001
63238
082
_a
909.09767121SAI
090
_c
37302
_d
37302
100
_a
Said.W.Edward
245
_a
Covering Islam
260
_a
London
_b
Vintage London
_c
1997
942
_a
NUST-CAE
_k
909.09767121SAI
999
_c
298311
_d
298311